[Event "WSTCC-65 2020"]
[Site "Prague"]
[Date "2020.03.09"]
[Round "4.12"]
[White "Heinsohn, Guenther"]
[Black "Afek, Yochanan"]
[Result "1-0"]
[WhiteElo "2157"]
[BlackElo "2212"]
[Annotator "ChessBase"]
[PlyCount "77"]
[EventDate "2020.03.06"]
[EventType "team-tourn"]
[EventCountry "CZE"]
[SourceTitle "playchess.com"]
[Source "ChessBase"]
[SourceQuality "1"]
[TimeControl "40/5400+30:1800+30"]

1. e4 {[%emt 0:00:00]} c5 {[%emt 0:00:00]} 2. Nc3 {[%emt 0:00:46]} g6 {[%emt 0:00:49]} 3. d4 {[%emt 0:01:03]} cxd4 {[%emt 0:01:33]} 4. Qxd4 {[%emt 0:00:12]} Nf6 {[%emt 0:00:17]} 5. Nf3 {[%emt 0:01:24]} Nc6 {[%emt 0:06:27]} 6. Qa4 {[%emt 0:01:00]} d6 {[%emt 0:02:21]} 7. e5 {[%emt 0:02:03]} dxe5 {[%emt 0:01:38]} 8. Nxe5 {[%emt 0:00:43]} Qd4 {[%emt 0:00:17]} 9. Nxc6 {[%emt 0:02:40]} Qxa4 {[%emt 0:00:12]} 10. Nxa4 {[%emt 0:00:11]} bxc6 {[%emt 0:00:48]} 11. b3 {[%emt 0:14:18]} Bf5 {[%emt 0:02:49]} 12. Ba6 {[%emt 0:01:17]} Bg7 {[%emt 0:05:38]} 13. Bb7 {[%emt 0:04:11]} Rd8 {[%emt 0:01:48]} 14. Bxc6+ {[%emt 0:03:37]} Kf8 {[%emt 0:01:47]} 15. Bb2 {[%emt 0:05:58]} Rc8 {[%emt 0:06:25]} 16. Bf3 {[%emt 0:01:30]} Rxc2 {[%emt 0:00:10]} 17. Rc1 {[%emt 0:08:41]} Rxc1+ {[%emt 0:05:01]} 18. Bxc1 {[%emt 0:00:28]} Ng4 {[%emt 0:07:31]} 19. Bxg4 {[%emt 0:04:03]} Bxg4 {[%emt 0:00:07]} 20. Be3 {[%emt 0:00:21]} a6 {[%emt 0:05:14]} 21. f3 {[%emt 0:01:50]} Bd7 {[%emt 0:02:05]} 22. Nc5 {[%emt 0:03:06]} Bc8 {[%emt 0:00:07]} 23. Kf2 {[%emt 0:00:24]} e5 {[%emt 0:03:44]} 24. Ne4 {[%emt 0:02:28]} f5 {[%emt 0:04:32]} 25. Rc1 {[%emt 0:00:57]} Bd7 {[%emt 0:04:33]} 26. Rc7 {[%emt 0:03:32]} Ke8 {[%emt 0:00:38]} 27. Nc5 {[%emt 0:02:33]} f4 {[%emt 0:00:25]} 28. Nxd7 {[%emt 0:09:53]} fxe3+ {[%emt 0:00:59]} 29. Kxe3 {[%emt 0:00:09]} Kd8 {[%emt 0:08:12]} 30. Ra7 {[%emt 0:00:47]} Re8 {[%emt 0:00:45]} 31. Nc5 {[%emt 0:01:38]} Bf8 {[%emt 0:03:40]} 32. Ra8+ {[%emt 0:00:57]} Ke7 {[%emt 0:00:04]} 33. Rxe8+ Kxe8 34. Nxa6 {[%emt 0:00:59]} Kd7 {[%emt 0:00:38]} 35. b4 {[%emt 0:02:30]} Kc6 {[%emt 0:00:15]} 36. a3 {[%emt 0:01:01]} Kd5 {[%emt 0:09:16]} 37. Kd3 {[%emt 0:01:48]} g5 {[%emt 0:00:45]} 38. g4 {[%emt 0:00:44]} Bd6 {[%emt 0:01:04]} 39. Nc5 {[%emt 0:00:36]} 1-0

[Event "WSTCC-65 2020"]
[Site "Prague"]
[Date "2020.03.09"]
[Round "4.13"]
[White "Mojzis, Jaroslav"]
[Black "Farago, Ivan"]
[Result "0-1"]
[WhiteElo "2074"]
[BlackElo "2359"]
[Annotator "TA"]
[PlyCount "150"]
[EventDate "2020.03.06"]
[EventType "team-tourn"]
[EventCountry "CZE"]
[SourceTitle "playchess.com"]
[Source "ChessBase"]
[SourceQuality "1"]

{[%evp 9,150,29,37,28,23,32,26,18,30,22,26,29,18,0,20,0,0,0,0,0,0,0,18,21,22,10,5,7,7,6,10,10,10,0,0,2,10,14,25,-53,-43,-59,-59,-87,-89,-87,-83,-92,-77,-77,-73,-94,-90,-91,-68,-64,-56,-62,-60,-61,-51,-64,-46,-47,-44,-47,-47,-105,-58,-57,-37,-56,-58,-75,-26,-72,-72,-69,-70,-71,-38,-75,0,0,0,-20,-14,-20,-8,-77,-70,-70,-70,-68,-63,-94,-88,-90,-100,-98,-94,-96,-94,-95,-95,-90,-88,-96,-94,-130,-119,-135,-108,-119,-97,-149,-138,-145,-138,-625,-625,-619,-590,-549,-512,-615,-1041,-2270,-2000,-1586,-1342,-4722,-4630,-4618,-4010,-29982,-29983,-29984,-29985,-29989,-29990,-29998,-29999]} 1. d4 Nf6 2. Nf3 e6 3. g3 c5 4. Bg2 Qb6 5. O-O Nc6 {[%cal Rc5d4]} 6. e3 {A46: 1 d4 Nf6 2 Nf3 e6: Torre, London and Colle Systems.} d5 7. b3 cxd4 8. exd4 {White has an edge.} Be7 9. Bb2 O-O 10. Nbd2 Rd8 11. Qe2 Bd7 {[#]} 12. c4 $146 ({Predecessor:} 12. Rfd1 Nb4 13. c4 Qa6 14. Ne5 Be8 15. a4 dxc4 16. Ndxc4 Nfd5 17. Rac1 Na2 18. Rc2 Nab4 19. Rcc1 Na2 {½-½ (19) Boljat,I (1936)-Smuk,Z (2099) Hum na Sutli 2014}) 12... dxc4 13. Nxc4 Qb5 14. Nfe5 Be8 15. Rfd1 Nb4 16. Qf3 Rab8 17. a4 Qa6 $1 18. Bf1 Bc6 19. Qf4 Nbd5 20. Qc1 {Nxf7! is the strong threat.} Be8 $1 21. Ba3 Bxa3 22. Qxa3 b5 23. axb5 Qxa3 24. Rxa3 (24. Nxa3 $11 Ne4 25. Nc6) 24... Nc3 $1 $36 {[%cal Rc3d1][%mdl 2048] Black fights for an advantage.} 25. Rd3 Nxb5 26. Ra6 Nd5 {aiming for ...Nb4.} 27. Ra1 Nb4 28. Rd2 f6 29. Nf3 Bh5 30. Ne1 Nc6 31. d5 exd5 32. Na5 Nbd4 {White must now prevent ...Nxa5.} 33. Nxc6 Nxc6 34. Bg2 Bf7 35. Ra6 Rb6 36. Rxb6 axb6 37. Nc2 Kf8 38. Ne3 (38. Kf1 $15) 38... Ne7 39. Rd4 Ke8 40. Kf1 Be6 41. Ke1 Rd7 42. Kd1 Kd8 43. Kc1 Kc7 44. Kb2 Kc6 45. Rc4+ Kb5 (45... Kd6 $17 46. Rc1 g6) 46. Rc1 $1 $11 Ka6 47. Rd1 b5 48. Nc2 Nc6 49. Nd4 (49. Ne3 $11 {remains equal.}) 49... Nxd4 $17 50. Rxd4 {[%mdl 4096] Endgame KRB-KRB} Kb6 51. b4 Rc7 {And now ...Rc4 would win.} 52. Rd2 Rc4 53. Bxd5 Bxd5 54. Rxd5 Rxb4+ {KR-KR} 55. Kc3 Rc4+ 56. Kb3 Kc6 57. Rd8 Re4 58. Rg8 Re7 59. Kc3 Kd5 60. Kd3 Rb7 61. Rd8+ Ke5 62. h3 (62. f3 $142) 62... b4 {[%cal Bb5b4,Bb4b3][%mdl 32]} 63. Re8+ {[#]} Kf5 $1 64. Re2 $2 {[%mdl 8192] [#] This costs White the game.} (64. Kc2 $17) 64... b3 $1 $19 {[%cal Rb3b2]} 65. Rb2 h5 66. Ke3 g5 67. Kf3 h4 68. gxh4 gxh4 69. Ke3 Ke5 70. Kd3 Kf4 71. Ke2 Ke4 72. Ke1 Kd3 {Black mates.} 73. Kd1 Kc3 74. Kc1 Re7 {[%cal Re7e1]} 75. Rc2+ bxc2 {Accuracy: White = 71%, Black = 92%.} 0-1

[Event "WSTCC-65 2020"]
[Site "Prague"]
[Date "2020.03.09"]
[Round "4.14"]
[White "Horvath, Tamas I"]
[Black "Trojan, Lubos"]
[Result "1-0"]
[WhiteElo "2318"]
[BlackElo "1928"]
[Annotator "TA"]
[PlyCount "37"]
[EventDate "2020.03.06"]
[EventType "team-tourn"]
[EventCountry "CZE"]
[SourceTitle "playchess.com"]
[Source "ChessBase"]
[SourceQuality "1"]

{[%evp 14,37,17,22,56,32,54,66,73,59,84,76,104,91,89,91,122,60,109,103,165,182,243,250,1925,1947]} 1. e4 e6 2. d4 d5 3. Nd2 dxe4 4. Nxe4 Nd7 5. Nf3 Ngf6 6. Nxf6+ Nxf6 7. Be3 Be7 {7...Nd5 is a critical line. Played by Pentala Harikrishna in March 2020.} 8. Bd3 c6 {C10: French with 3 Nc3: Unusual Black 3rd moves and 3...dxe4.} 9. Qe2 Qa5+ 10. c3 {[#]} Qc7 $146 {White is slightly better.} ({Predecessor:} 10... a6 11. Ne5 c5 12. dxc5 Bxc5 13. Bb5+ Qxb5 14. Qxb5+ axb5 15. Bxc5 Nd5 {½-½ (27) Kraemer,S (2132)-Schreiner,R (2153) Bayern 2003}) 11. O-O-O Bd7 12. Ne5 c5 13. Nxd7 Nxd7 14. dxc5 a6 15. h4 (15. Qg4 $16) 15... Nxc5 16. Bc2 b5 (16... Nd7 $16) 17. Bd4 $18 Bf6 {[#]} (17... O-O {was called for.} 18. Qg4 e5) 18. Qf3 $1 {[%csl LRa8,LRf6][%cal Rf3a8]} Ke7 $2 (18... Rc8 19. Bxf6 gxf6 20. Qxf6 Rg8) 19. Bxc5+ $1 {White took control after the opening. Accuracy: White = 87%, Black = 14%.} 1-0

[Event "WSTCC-65 2020"]
[Site "Prague"]
[Date "2020.03.09"]
[Round "4.15"]
[White "Just, Pavel"]
[Black "Hardicsay, Peter"]
[Result "0-1"]
[WhiteElo "1954"]
[BlackElo "2203"]
[Annotator "TA"]
[PlyCount "110"]
[EventDate "2020.03.06"]
[EventType "team-tourn"]
[EventCountry "CZE"]
[SourceTitle "playchess.com"]
[Source "ChessBase"]
[SourceQuality "1"]

{[%evp 17,110,20,31,35,28,2,22,16,25,-7,0,0,5,-2,0,0,0,0,0,-47,-41,-54,-43,-49,-51,-56,-51,-49,0,-51,-52,-63,-41,-70,-72,-60,-46,-62,-28,-76,-68,-72,-34,-43,-21,-93,-65,-68,-26,-60,-30,-75,-58,-89,-63,-70,-66,-92,-74,-113,-78,-112,-114,-154,-154,-149,-149,-156,-135,-161,-161,-191,-166,-202,-207,-202,-190,-293,-334,-357,-372,-426,-425,-458,-418,-471,-455,-441,-426,-573,-545,-777,-743,-688,-654]} 1. e4 c5 2. Nf3 Nc6 3. c4 d6 4. d4 cxd4 5. Nxd4 e5 6. Nxc6 bxc6 7. Nc3 Nf6 8. Be2 Be7 9. O-O O-O 10. Be3 {A31: Symmetrical English: 2 Nf3 Nf6 3 d4.} Be6 11. Qd2 {[#]} Qc7 $146 ({Predecessor:} 11... Nd7 12. Rad1 f5 13. f4 fxe4 14. Nxe4 d5 15. cxd5 Bxd5 16. Nc3 Bb4 17. fxe5 Rxf1+ 18. Rxf1 Bxa2 19. Qc2 Be6 20. Ne4 Qe8 21. Ng5 {1-0 (21) Vuillemin,G-Scellier,M France 1993}) 12. Rac1 {The position is equal.} Qb7 13. Bg5 Rad8 14. Qc2 h6 15. Bxf6 Bxf6 16. Rcd1 Rd7 17. b3 Bd8 18. Bf3 Bb6 19. Ne2 Bc5 20. Rd2 a5 21. Nc3 Bd4 22. Ne2 Bc5 23. Nc3 Rdd8 24. Na4 Bd4 25. Nc3 Qb4 26. Ne2 Bc5 27. Nc3 Rb8 28. Rfd1 Bd4 29. Na4 Rfd8 30. g3 Rf8 31. g4 (31. Rxd4 $11 {remains equal.} exd4 32. Rxd4) 31... Rfd8 32. h3 Rbc8 33. Kg2 Re8 34. Re2 Re7 35. Rde1 Rb7 36. Rd1 $1 Rbb8 37. Rc1 {White is now going downhill.} Rd8 38. Rce1 c5 39. Rh1 Bd7 40. Nb2 Qa3 41. Nd3 a4 {[%cal Ra4b3]} 42. Nc1 Rb7 43. Rd1 Ra8 44. Kg3 Rba7 45. Kg2 axb3 46. axb3 Qa5 47. Rd3 (47. Red2 $142) 47... Qd8 $19 48. Rd1 Qh4 49. Rh1 Ra1 50. Qd3 R8a3 51. Qc2 g6 {Black is clearly winning.} 52. Rd2 h5 53. gxh5 gxh5 54. Kf1 {[#]} Rxc1+ $1 {[%mdl 576] Clearance} 55. Qxc1 {[#]} Ra1 $1 {[%mdl 512] Accuracy: White = 44%, Black = 82%.} 0-1

[Event "WSTCC-65 2020"]
[Site "Prague"]
[Date "2020.03.09"]
[Round "4.16"]
[White "Dory, Jeno"]
[Black "Vesely, Emanuel"]
[Result "1/2-1/2"]
[WhiteElo "2170"]
[BlackElo "1779"]
[Annotator "ChessBase"]
[PlyCount "43"]
[EventDate "2020.03.06"]
[EventType "team-tourn"]
[EventCountry "CZE"]
[SourceTitle "playchess.com"]
[Source "ChessBase"]
[SourceQuality "1"]
[TimeControl "40/5400+30:1800+30"]

1. e4 {[%emt 0:00:00]} c5 {[%emt 0:00:00]} 2. Nf3 {[%emt 0:00:05]} e6 {[%emt 0:00:01]} 3. c3 {[%emt 0:00:45]} Nf6 {[%emt 0:01:20]} 4. e5 {[%emt 0:00:39]} Nd5 {[%emt 0:00:13]} 5. d4 {[%emt 0:01:26]} cxd4 {[%emt 0:01:20]} 6. cxd4 {[%emt 0:00:09]} Nc6 {[%emt 0:03:28]} 7. Bc4 {[%emt 0:01:40]} Nb6 {[%emt 0:00:06]} 8. Bb3 {[%emt 0:03:03]} d6 {[%emt 0:03:33]} 9. Bg5 {[%emt 0:07:48]} Be7 {[%emt 0:06:58]} 10. Bxe7 {[%emt 0:00:15]} Qxe7 {[%emt 0:03:13]} 11. Nc3 {[%emt 0:00:40]} O-O {[%emt 0:08:19]} 12. O-O {[%emt 0:00:54]} dxe5 {[%emt 0:08:37]} 13. dxe5 {[%emt 0:00:22]} Rd8 {[%emt 0:01:18]} 14. Qe2 {[%emt 0:01:38]} Bd7 {[%emt 0:15:33]} 15. a3 {[%emt 0:15:14]} Be8 {[%emt 0:10:13]} 16. Rad1 {[%emt 0:07:25]} Rxd1 {[%emt 0:05:25]} 17. Rxd1 {[%emt 0:00:09]} Rd8 {[%emt 0:00:15]} 18. Re1 {[%emt 0:02:47]} Nd4 {[%emt 0:01:47]} 19. Nxd4 {[%emt 0:00:20]} Rxd4 {[%emt 0:00:06]} 20. Ne4 {[%emt 0:05:22]} Bc6 {[%emt 0:02:35]} 21. Ng3 {[%emt 0:07:04]} Qd8 {[%emt 0:04:04]} 22. Nf1 {[%emt 0:03:40]} 1/2-1/2

[Event "WSTCC-65 2020"]
[Site "Prague"]
[Date "2020.03.09"]
[Round "4.17"]
[White "Holst, Per"]
[Black "Boidman, Yuri"]
[Result "0-1"]
[WhiteElo "2152"]
[BlackElo "2335"]
[Annotator "ChessBase"]
[PlyCount "104"]
[EventDate "2020.03.06"]
[EventType "team-tourn"]
[EventCountry "CZE"]
[SourceTitle "playchess.com"]
[Source "ChessBase"]
[SourceQuality "1"]
[TimeControl "40/5400+30:1800+30"]

1. d4 {[%emt 0:00:00]} d6 {[%emt 0:00:29]} 2. c4 {[%emt 0:00:00]} e5 {[%emt 0:00:09]} 3. Nf3 {[%emt 0:00:42]} e4 {[%emt 0:01:28]} 4. Ng5 {[%emt 0:00:09]} Nf6 {[%emt 0:00:12]} 5. g3 {[%emt 0:03:55]} h6 {[%emt 0:00:32]} 6. Nh3 {[%emt 0:00:02]} Bf5 {[%emt 0:01:23]} 7. f4 {[%emt 0:11:00]} c6 {[%emt 0:04:13]} 8. Nf2 {[%emt 0:02:06]} d5 {[%emt 0:00:52]} 9. e3 {[%emt 0:00:12]} g5 {[%emt 0:05:28]} 10. Nc3 {[%emt 0:12:57]} gxf4 {[%emt 0:03:28]} 11. exf4 {[%emt 0:02:30]} h5 {[%emt 0:01:50]} 12. Be2 {[%emt 0:03:40]} Be7 {[%emt 0:05:25]} 13. Be3 {[%emt 0:03:08]} Nbd7 {[%emt 0:07:09]} 14. Qb3 {[%emt 0:01:08]} Qb6 {[%emt 0:01:49]} 15. c5 {[%emt 0:01:29]} Qc7 {[%emt 0:01:01]} 16. O-O-O {[%emt 0:02:31]} b6 {[%emt 0:00:48]} 17. cxb6 {[%emt 0:01:06]} axb6 {[%emt 0:01:31]} 18. h3 {[%emt 0:01:19]} Nf8 {[%emt 0:03:21]} 19. g4 {[%emt 0:04:12]} Bc8 {[%emt 0:00:08]} 20. Rdg1 {[%emt 0:00:47]} Bd6 {[%emt 0:02:29]} 21. f5 {[%emt 0:03:35]} Bf4 {[%emt 0:00:34]} 22. Nfd1 {[%emt 0:02:55]} hxg4 {[%emt 0:02:40]} 23. hxg4 {[%emt 0:00:54]} Rxh1 {[%emt 0:00:22]} 24. Rxh1 {[%emt 0:00:09]} Bxe3+ {[%emt 0:12:56]} 25. Nxe3 {[%emt 0:00:44]} Qf4 {[%emt 0:00:09]} 26. Ncd1 {[%emt 0:00:12]} b5 {[%emt 0:07:32]} 27. Kb1 {[%emt 0:02:49]} N8h7 {[%emt 0:04:39]} 28. Qb4 {[%emt 0:04:06]} Kd7 {[%emt 0:02:57]} 29. Qe1 {[%emt 0:07:03]} Ra4 {[%emt 0:03:23]} 30. Ng2 {[%emt 0:01:42]} Qd6 {[%emt 0:00:47]} 31. Qc3 {[%emt 0:01:39]} Qb4 {[%emt 0:02:27]} 32. Rh6 {[%emt 0:00:51]} Qxc3 33. bxc3 {[%emt 0:00:29]} Ke7 {[%emt 0:04:01]} 34. Nde3 {[%emt 0:01:26]} b4 {[%emt 0:03:26]} 35. Bd1 {[%emt 0:10:43]} Ra3 {[%emt 0:00:08]} 36. Bb3 {[%emt 0:00:12]} bxc3 {[%emt 0:00:47]} 37. Kc2 {[%emt 0:00:20]} Ng5 {[%emt 0:00:50]} 38. Kxc3 {[%emt 0:00:50]} Nf3 {[%emt 0:02:50]} 39. Nf4 {[%emt 0:00:54]} Bb7 {[%emt 0:01:51]} 40. Nh3 {[%emt 0:00:00]} c5 {[%emt 0:00:00]} 41. Kb2 {[%emt 0:06:22]} Rxb3+ {[%emt 0:01:55]} 42. axb3 {[%emt 0:00:54]} cxd4 {[%emt 0:00:09]} 43. Nd1 {[%emt 0:00:18]} Nxg4 {[%emt 0:02:08]} 44. Rb6 {[%emt 0:01:39]} Bc8 {[%emt 0:00:03]} 45. Nf4 {[%emt 0:00:59]} Bxf5 {[%emt 0:00:33]} 46. Nxd5+ {[%emt 0:00:41]} Kf8 {[%emt 0:00:27]} 47. Rb8+ {[%emt 0:02:35]} Kg7 {[%emt 0:00:19]} 48. Re8 {[%emt 0:01:24]} Nf6 {[%emt 0:02:05]} 49. Nxf6 {[%emt 0:01:57]} Kxf6 {[%emt 0:00:01]} 50. b4 {[%emt 0:00:20]} Ne5 {[%emt 0:00:59]} 51. b5 {[%emt 0:01:55]} e3 {[%emt 0:00:29]} 52. Kc1 {[%emt 0:00:19]} Bd7 {[%emt 0:04:46]} 0-1

[Event "WSTCC-65 2020"]
[Site "Prague"]
[Date "2020.03.09"]
[Round "4.18"]
[White "Khanukov, Boris"]
[Black "Christiansen, Jens Jorgen"]
[Result "1-0"]
[WhiteElo "2293"]
[BlackElo "2042"]
[Annotator "ChessBase"]
[PlyCount "76"]
[EventDate "2020.03.06"]
[EventType "team-tourn"]
[EventCountry "CZE"]
[SourceTitle "playchess.com"]
[Source "ChessBase"]
[SourceQuality "1"]
[TimeControl "40/5400+30:1800+30"]

1. d4 {[%emt 0:00:00]} d5 {[%emt 0:00:00]} 2. c4 {[%emt 0:00:00]} c6 {[%emt 0:00:00]} 3. Nf3 {[%emt 0:00:10]} Nf6 {[%emt 0:00:00]} 4. Nc3 {[%emt 0:01:02]} a6 {[%emt 0:00:18]} 5. e3 {[%emt 0:00:33]} e6 {[%emt 0:01:40]} 6. Be2 {[%emt 0:03:05]} Nbd7 {[%emt 0:01:27]} 7. O-O {[%emt 0:00:40]} dxc4 {[%emt 0:04:01]} 8. Bxc4 {[%emt 0:00:26]} b5 {[%emt 0:00:08]} 9. Be2 {[%emt 0:04:29]} Bb7 {[%emt 0:02:07]} 10. a3 {[%emt 0:07:36]} c5 {[%emt 0:00:51]} 11. dxc5 {[%emt 0:00:45]} Bxc5 {[%emt 0:02:59]} 12. b4 {[%emt 0:00:22]} Be7 {[%emt 0:00:35]} 13. Bb2 {[%emt 0:00:32]} O-O {[%emt 0:00:35]} 14. Qd4 {[%emt 0:03:59]} Nb6 {[%emt 0:03:48]} 15. Qf4 {[%emt 0:01:56]} Nbd5 {[%emt 0:11:55]} 16. Nxd5 {[%emt 0:02:23]} Bxd5 {[%emt 0:11:26]} 17. Rfd1 {[%emt 0:00:53]} Qb8 {[%emt 0:01:56]} 18. Ne5 {[%emt 0:06:53]} Qb7 {[%emt 0:01:20]} 19. Qg3 {[%emt 0:05:29]} Ne4 {[%emt 0:06:24]} 20. Qh3 {[%emt 0:00:44]} f6 {[%emt 0:04:29]} 21. Nd3 {[%emt 0:02:49]} Ng5 {[%emt 0:05:49]} 22. Qg3 {[%emt 0:01:01]} Ne4 {[%emt 0:15:58]} 23. Qg4 {[%emt 0:03:26]} e5 {[%emt 0:02:38]} 24. f3 {[%emt 0:03:52]} Ng5 {[%emt 0:03:18]} 25. f4 {[%emt 0:06:05]} Be6 {[%emt 0:02:04]} 26. Qh4 {[%emt 0:01:42]} exf4 {[%emt 0:03:19]} 27. Nxf4 {[%emt 0:01:58]} Bb3 {[%emt 0:00:43]} 28. Re1 {[%emt 0:02:55]} Rac8 {[%emt 0:01:17]} 29. Bd3 {[%emt 0:00:43]} Bc2 {[%emt 0:00:53]} 30. Bf1 {[%emt 0:04:50]} Be4 31. Qg4 Bd6 {[%emt 0:08:12]} 32. h4 {[%emt 0:01:30]} h5 {[%emt 0:02:07]} 33. Nxh5 {[%emt 0:03:10]} Bf3 {[%emt 0:01:15]} 34. gxf3 {[%emt 0:00:33]} Nxf3+ {[%emt 0:00:05]} 35. Kf2 {[%emt 0:00:40]} Rc2+ {[%emt 0:01:31]} 36. Re2 {[%emt 0:00:19]} Nh2 {[%emt 0:00:32]} 37. Qg2 {[%emt 0:02:33]} Rxe2+ {[%emt 0:00:54]} 38. Bxe2 {[%emt 0:00:16]} Qf7 {[%emt 0:00:47]} 1-0

[Event "WSTCC-65 2020"]
[Site "Prague"]
[Date "2020.03.09"]
[Round "4.19"]
[White "Christiansen, Arne"]
[Black "Salov, Sergej"]
[Result "1/2-1/2"]
[WhiteElo "2016"]
[BlackElo "2135"]
[Annotator "ChessBase"]
[PlyCount "29"]
[EventDate "2020.03.06"]
[EventType "team-tourn"]
[EventCountry "CZE"]
[SourceTitle "playchess.com"]
[Source "ChessBase"]
[SourceQuality "1"]
[TimeControl "40/5400+30:1800+30"]

1. d4 {[%emt 0:00:00]} Nf6 {[%emt 0:00:00]} 2. c4 {[%emt 0:00:00]} d6 {[%emt 0:00:28]} 3. Nf3 {[%emt 0:00:00]} g6 {[%emt 0:00:16]} 4. Nc3 {[%emt 0:00:03]} Nbd7 {[%emt 0:00:18]} 5. g3 {[%emt 0:01:22]} Bg7 {[%emt 0:00:24]} 6. Bg2 {[%emt 0:00:07]} O-O {[%emt 0:00:11]} 7. O-O {[%emt 0:00:05]} e5 {[%emt 0:00:09]} 8. e4 {[%emt 0:01:47]} c6 {[%emt 0:02:05]} 9. dxe5 {[%emt 0:07:37]} dxe5 {[%emt 0:00:29]} 10. h3 {[%emt 0:01:42]} Re8 {[%emt 0:06:21]} 11. Be3 {[%emt 0:00:48]} Qe7 {[%emt 0:03:50]} 12. Qc2 {[%emt 0:01:58]} Nc5 {[%emt 0:06:01]} 13. Rad1 {[%emt 0:02:45]} Nh5 {[%emt 0:11:04]} 14. b4 {[%emt 0:07:36]} Ne6 {[%emt 0:02:43]} 15. c5 {[%emt 0:05:54]} 1/2-1/2

[Event "WSTCC-65 2020"]
[Site "Prague"]
[Date "2020.03.09"]
[Round "4.20"]
[White "Gruzmann, Boris"]
[Black "Jorgensen, Brian Jorgen"]
[Result "1/2-1/2"]
[WhiteElo "2206"]
[BlackElo "2217"]
[Annotator "ChessBase"]
[PlyCount "38"]
[EventDate "2020.03.06"]
[EventType "team-tourn"]
[EventCountry "CZE"]
[SourceTitle "playchess.com"]
[Source "ChessBase"]
[SourceQuality "1"]
[TimeControl "40/5400+30:1800+30"]

1. e4 {[%emt 0:00:00]} c6 {[%emt 0:00:00]} 2. d4 {[%emt 0:00:00]} d5 {[%emt 0:00:00]} 3. e5 {[%emt 0:00:01]} Bf5 {[%emt 0:00:00]} 4. Nd2 {[%emt 0:00:11]} e6 {[%emt 0:00:10]} 5. Nb3 {[%emt 0:00:05]} Nd7 {[%emt 0:00:17]} 6. Nf3 {[%emt 0:00:13]} Ne7 {[%emt 0:00:26]} 7. Be3 {[%emt 0:04:33]} Nc8 {[%emt 0:04:31]} 8. Qd2 {[%emt 0:07:02]} Be7 {[%emt 0:00:32]} 9. Be2 {[%emt 0:00:35]} O-O {[%emt 0:01:25]} 10. O-O {[%emt 0:06:47]} f6 {[%emt 0:09:52]} 11. c4 {[%emt 0:01:37]} dxc4 {[%emt 0:07:35]} 12. Na5 {[%emt 0:01:11]} Qc7 {[%emt 0:12:50]} 13. Nxc4 {[%emt 0:03:44]} Ncb6 {[%emt 0:02:05]} 14. Qa5 {[%emt 0:14:53]} Nd5 {[%emt 0:06:13]} 15. Qxc7 {[%emt 0:00:12]} Nxc7 {[%emt 0:00:06]} 16. Na5 {[%emt 0:02:28]} Nd5 {[%emt 0:07:53]} 17. exf6 {[%emt 0:05:05]} Bxf6 {[%emt 0:02:59]} 18. Rac1 {[%emt 0:04:05]} Rab8 {[%emt 0:01:18]} 19. Nc4 {[%emt 0:10:14]} h6 {[%emt 0:06:45]} 1/2-1/2

[Event "WSTCC-65 2020"]
[Site "Prague"]
[Date "2020.03.09"]
[Round "4.21"]
[White "Huss, Andreas"]
[Black "Ackermann, Hans Werner"]
[Result "1/2-1/2"]
[WhiteElo "2253"]
[BlackElo "2242"]
[Annotator "ChessBase"]
[PlyCount "50"]
[EventDate "2020.03.06"]
[EventType "team-tourn"]
[EventCountry "CZE"]
[SourceTitle "playchess.com"]
[Source "ChessBase"]
[SourceQuality "1"]
[TimeControl "40/5400+30:1800+30"]

1. d4 {[%emt 0:01:12]} d6 {[%emt 0:00:00]} 2. e4 {[%emt 0:00:55]} g6 {[%emt 0:00:00]} 3. Nf3 {[%emt 0:00:33]} Bg7 {[%emt 0:00:12]} 4. Bd3 {[%emt 0:01:41]} Nf6 {[%emt 0:01:48]} 5. c3 {[%emt 0:02:19]} O-O {[%emt 0:00:54]} 6. O-O {[%emt 0:00:27]} Nc6 {[%emt 0:01:52]} 7. Bg5 {[%emt 0:03:57]} h6 {[%emt 0:08:23]} 8. Bh4 {[%emt 0:00:30]} e5 {[%emt 0:03:26]} 9. dxe5 {[%emt 0:01:51]} dxe5 {[%emt 0:04:59]} 10. Qc2 {[%emt 0:00:41]} g5 {[%emt 0:06:04]} 11. Bg3 {[%emt 0:00:49]} Nh5 {[%emt 0:01:37]} 12. Rd1 {[%emt 0:02:46]} Qf6 {[%emt 0:12:45]} 13. Nbd2 {[%emt 0:01:47]} Nf4 {[%emt 0:05:52]} 14. b4 {[%emt 0:16:18]} Ne7 {[%emt 0:22:29]} 15. Nc4 {[%emt 0:05:30]} Neg6 {[%emt 0:04:34]} 16. Ne3 {[%emt 0:04:06]} Ne7 {[%emt 0:05:22]} 17. Bc4 {[%emt 0:05:48]} c6 {[%emt 0:03:56]} 18. Rd2 {[%emt 0:06:08]} Neg6 {[%emt 0:05:20]} 19. Rad1 {[%emt 0:03:38]} Qe7 {[%emt 0:02:04]} 20. Nf5 {[%emt 0:08:14]} Qc7 {[%emt 0:00:58]} 21. Rd6 {[%emt 0:04:34]} Kh7 {[%emt 0:02:10]} 22. Nxg7 {[%emt 0:15:41]} Kxg7 {[%emt 0:00:18]} 23. h4 {[%emt 0:00:06]} Bg4 {[%emt 0:03:50]} 24. hxg5 {[%emt 0:00:49]} hxg5 {[%emt 0:00:11]} 25. Bxf4 {[%emt 0:03:10]} gxf4 {[%emt 0:00:39]} 1/2-1/2